Statistics for Hangman Game - Guess the Phrase!

Click here to take the quiz!

General Stats

  • This quiz has been taken 209 times
  • The average score is 29 of 32

Answer Stats

Answer % Correct
{A}
100%
{A}
100%
{E}
99%
{E}
99%
{I}
99%
{E}
99%
{R}
99%
{O}
98%
{S}
98%
{T}
98%
{L}
98%
{O}
98%
{T}
98%
{H}
97%
{N}
96%
{B}
96%
{P}
96%
{V}
96%
{C}
95%
{D}
94%
{W}
93%
XU
91%
||M
87%
/ . . \G
85%
---F
85%
---Y
78%
XJ
77%
||K
77%
/ \Q
75%
||Z
72%
OX
72%
A WATCHED POT NEVER BOILS
59%

Score Distribution

Percentile by Number Answered

Percent of People with Each Score

Your Score History

You have not taken this quiz